Map projections / (Record no. 8206)
[ view plain ]
| 000 -LEADER | |
|---|---|
| fixed length control field | 00903cam a2200313 4500 |
| 001 - CONTROL NUMBER | |
| control field | 8206 |
| 003 - CONTROL NUMBER IDENTIFIER | |
| rucl marc code | BD-RjUL |
| 005 - DATE AND TIME OF LATEST TRANSACTION | |
| control field | 20211208234537.0 |
| 008 - FIXED-LENGTH DATA ELEMENTS--GENERAL INFORMATION | |
| fixed length control field | 140118s1970 enka 00| 0 eng d |
| 020 ## - INTERNATIONAL STANDARD BOOK NUMBER | |
| International Standard Book Number | 0416183700 |
| 035 ## - SYSTEM CONTROL NUMBER | |
| System control number | (OCoLC)ocm00112604 |
| System control number | (BD-RjUL)8251 |
| System control number | (NNC)2542081 |
| 040 ## - CATALOGING SOURCE | |
| Original cataloging agency | DLC |
| Transcribing agency | DLC |
| Modifying agency | BD-RjUL |
| Language of cataloging | eng |
| 041 ## - LANGUAGE CODE | |
| Language code of text/sound track or separate title | eng |
| 082 00 - DEWEY DECIMAL CLASSIFICATION NUMBER | |
| Classification number | 526.8 |
| Author mark and year | KEM 1970 |
| 090 ## - LOCALLY ASSIGNED LC-TYPE CALL NUMBER (OCLC); LOCAL CALL NUMBER (OCLC) | |
| Classification number (OCLC) (R) ; Classification number, CALL (RLIN) (NR) | GA110 |
| Local cutter number (OCLC) ; Book number/undivided call number, CALL (RLIN) | .K4 1970a |
| 100 1# - MAIN ENTRY--PERSONAL NAME | |
| Personal name | Kellaway, George P. |
| 9 (RLIN) | 17919 |
| 245 10 - TITLE STATEMENT | |
| Title | Map projections / |
| Statement of responsibility, etc. | by George P. Kellaway. |
| 260 ## - PUBLICATION, DISTRIBUTION, ETC. (IMPRINT) | |
| Place of publication, distribution, etc. | London: |
| Name of publisher, distributor, etc. | Methuen; [Distributed in the U.S.A. by Barnes and Noble, |
| Date of publication, distribution, etc. | 1970 |
| 300 ## - PHYSICAL DESCRIPTION | |
| Pagination | viii, 127 p. : |
| Illustrations | illus. ; |
| Size | 21 cm. |
| 490 1# - SERIES STATEMENT | |
| Series statement | University paperbacks ; |
| Volume/sequential designation | 342 |
| 504 ## - BIBLIOGRAPHY, ETC. NOTE | |
| Bibliography, etc | includes index |
| 650 #0 - SUBJECT ADDED ENTRY--TOPICAL TERM | |
| Topical term or geographic name as entry element | Map projection. |
| 9 (RLIN) | 25554 |
| 830 #0 - SERIES ADDED ENTRY--UNIFORM TITLE | |
| Volume number/sequential designation | 342. |
| Uniform title | University paperbacks ; |
| 942 ## - ADDED ENTRY ELEMENTS (KOHA) | |
| Source of classification or shelving scheme | Dewey Decimal Classification |
| Koha item type | Books |
| Lost status | Source of classification or shelving scheme | Damaged status | Not for loan | Collection code | Permanent Location | Current Location | Shelving location | Date acquired | Source of acquisition | Cost, normal purchase price | Total Checkouts | Full call number | Date last seen | Copy number | Koha item type |
|---|---|---|---|---|---|---|---|---|---|---|---|---|---|---|---|
| Dewey Decimal Classification | Non-fiction | Central Library, University of Rajshahi | Central Library, University of Rajshahi | 28/04/1973 | Dhaka glad lib | 12.00 | 526.8 KEM 1970 | 18/01/2014 | C-9 | Books | |||||
| Dewey Decimal Classification | Non-fiction | Central Library, University of Rajshahi | Central Library, University of Rajshahi | 28/04/1973 | 12.10 | 526.8 KEM 1970 | 04/09/2016 | C-2 | Books |